Structural designing of surface to surface long range cruise missile (Record no. 299731)
[ view plain ]
| 000 -LEADER | |
|---|---|
| fixed length control field | 00372 a2200121 4500 |
| 001 - CONTROL NUMBER | |
| control field | 64658 |
| 082 ## - DEWEY DECIMAL CLASSIFICATION NUMBER | |
| Classification number | 623.4519 AZH / PR 1417 |
| 090 ## - LOCALLY ASSIGNED LC-TYPE CALL NUMBER (OCLC); LOCAL CALL NUMBER (RLIN) | |
| -- | 38254 |
| -- | 38254 |
| 100 ## - MAIN ENTRY--PERSONAL NAME | |
| Personal name | Azhar Sajjad |
| 245 ## - TITLE STATEMENT | |
| Title | Structural designing of surface to surface long range cruise missile |
| 260 ## - PUBLICATION, DISTRIBUTION, ETC. | |
| Place of publication, distribution, etc. | Risalpur |
| Name of publisher, distributor, etc. | Avionics Engg Dept, CAE NUST, Risalpur |
| Date of publication, distribution, etc. | 2000 |
| 500 ## - GENERAL NOTE | |
| General note | MS thesis |
| 942 ## - ADDED ENTRY ELEMENTS (KOHA) | |
| Institution code [OBSOLETE] | NUST-CAE |
| Call number prefix | 623.4519 AZH / PR 1417 |
| Withdrawn status | Lost status | Damaged status | Not for loan | Collection code | Permanent Location | Current Location | Date acquired | Total Checkouts | Full call number | Barcode | Date last seen | Price effective from | Koha item type |
|---|---|---|---|---|---|---|---|---|---|---|---|---|---|
| College of Aeronautical Engineering (CAE) | College of Aeronautical Engineering (CAE) | 04/03/2017 | 623.4519 AZH / PR 1417 | CAEG-5113 | 04/05/2017 | 04/05/2017 | Book | ||||||
| College of Aeronautical Engineering (CAE) | College of Aeronautical Engineering (CAE) | 04/03/2017 | 623.4519 AZH / PR 1417 | CAEPR-1417 | 04/05/2017 | 04/05/2017 | Book | ||||||
| College of Aeronautical Engineering (CAE) | College of Aeronautical Engineering (CAE) | 04/03/2017 | 623.4519 AZH / PR 1417 | CAEG-5114 | 04/05/2017 | 04/05/2017 | Book |
